| 000 | 01859nam0a2200361 i 4500 | ||
|---|---|---|---|
| 001 | RU\NLR\BIBL_A\010191308 | ||
| 005 | 20240921120243.0 | ||
| 010 |
_a9785883138156 _9500 |
||
| 021 |
_aRU _b2013-103081 _97159 |
||
| 035 | _a(NILC)RuMoRGB-006717990 | ||
| 035 | _a(NLR Aleph) 010191308 | ||
| 090 |
_a10198826 _c10198826 |
||
| 100 | _a20140214d2013 um y0rusy50 ca | ||
| 101 | 0 | _arus | |
| 102 | _aRU | ||
| 105 | _aa|||j|||000yy | ||
| 200 | 1 |
_aРазвитие организационной культуры учреждения дополнительного образования детей: теория, технология, практика _eучебно-методическое пособие _fТ.А. Антопольская, А.Н. Ходусов _gКурск. гос. ун-т [и др.] |
|
| 210 |
_aКурск _cКурский государственный университет _d2013 |
||
| 215 |
_a118 с. _cил. _d20 |
||
| 300 | _aВ надзаг. также: Курск. ин-т непрерыв. проф. образования, Лаб. развития доп. образования детей | ||
| 320 | _aБиблиогр.: с. 77-81 (77 назв.) | ||
| 606 | 1 |
_aУчреждения дополнительного образования детей _jУчебно-методические пособия _xОрганизационная культура _92506058 _3RU\NLR\AUTH\661485999 |
|
| 675 | _a371.398(075.8) | ||
| 686 | 1 | _aЧ421.387я7 | |
| 700 | 1 |
_aАнтопольская _bТ. А. _gТатьяна Аникеевна |
|
| 701 | 1 |
_aХодусов _bА. Н. _gАлександр Николаевич |
|
| 801 | 0 |
_aRU _bRuMoRKP _c20131219 _gRCR |
|
| 801 | 2 |
_aRU _bРГБ _c20131227 _grcr |
|
| 801 | 1 |
_aRU _bRuMoRKP _c20131219 _2rusmarc |
|
| 942 | _cBOOK | ||
| 980 | _aNBR | ||